| 000 | 00493nam a2200193Ia 4500 | ||
|---|---|---|---|
| 003 | OSt | ||
| 005 | 20250809102046.0 | ||
| 008 | 250729s2006 xx 000 0 und d | ||
| 020 | _a978-8184110425 | ||
| 040 | _cAL | ||
| 041 | _aeng | ||
| 082 | _a613 KRIT | ||
| 100 |
_aReddy B Janardhan _9221147 |
||
| 245 | _aTechniues of teaching sociology | ||
| 260 |
_aNew Delhi _bOrbis Books Sonali Publication _c2006 |
||
| 300 | _a240p | ||
| 650 |
_aPhysical Education _9221148 |
||
| 942 |
_2ddc _cBED |
||
| 999 |
_c234875 _d234875 |
||